000
00193 a2200097 4500
001
3479
100
_a
Panikkar,
245
_a
Angola in flames
260
_a
_b
Asia pub
_c
090
_c
2745
_d
2745
942
_a
NUST-CAE
_c
M
_c
19391
999
_c
238552
_d
238552